MARC

LEADER 00000nas a22000007i 4500
001 ssj0012662
003 WaSeSS
005 20200512172242.0
006 m d
007 cr n
008 000113c19959999miumr p s 0 a0eng
010 |a  2013200312 
022 |a 2328-9333  |y 1080-353X 
035 |a (WaSeSS)ssj0012662 
037 |b BNP Media, Inc. 2401 Big Beaver Rd., Suite 700, Troy, MI 48084 
040 |a AAA  |b eng  |c AAA  |d OCL  |d OCLCQ  |d CO3  |d OCLCQ  |d DLC  |d OCLCQ  |d IUL  |d COO  |d OCLCF  |d OCLCO  |d OCLCA  |d WaSeSS 
042 |a msc  |a nsdp 
050 4 |a TK9203.P7  |b P5 
082 0 0 |a 696.1  |2 23 
082 1 4 |a 696  |2 12 
210 0 |a PM eng.  |b (Online) 
222 0 |a PM engineer  |b (Online) 
245 0 0 |a PM engineer  |h [electronic resource]. 
246 3 |a PME 
246 3 |a PME, PM engineer 
246 3 |a Plumbing & mechanical engineer 
260 |a Troy, Mich. :  |b Business News Pub. Co.,  |c 1995- 
260 |3 <2013> :  |a Troy, MI :  |b BNP Media, Inc. 
310 |a Monthly,  |b <2013-> 
321 |a Eight issues per year 
362 1 |a Print began with vol. 1, no. 1 (Jan. 1995). 
506 |a License restrictions may limit access. 
588 |a Description based on print. 
588 |a Latest issue consulted: Vol. 19, num. 3 (March 2013) (pmengineer.com viewed May 9, 2013). 
650 0 |a Army reactors (PM)  |v Periodicals. 
650 0 |a Pressurized water reactors  |v Periodicals. 
650 0 |a Nuclear engineering  |v Periodicals. 
650 0 |a Military engineering  |v Periodicals. 
650 0 |a Nuclear engineers  |v Periodicals. 
650 0 |a Military engineers  |v Periodicals. 
650 7 |a Army reactors (PM)  |2 fast  |0 (OCoLC)fst00814969 
650 7 |a Military engineering.  |2 fast  |0 (OCoLC)fst01021140 
650 7 |a Military engineers.  |2 fast  |0 (OCoLC)fst01021162 
650 7 |a Nuclear engineering.  |2 fast  |0 (OCoLC)fst01040032 
650 7 |a Nuclear engineers.  |2 fast  |0 (OCoLC)fst01040074 
650 7 |a Pressurized water reactors.  |2 fast  |0 (OCoLC)fst01076025 
655 0 |a Electronic journals. 
776 0 8 |i Print version:  |t PM engineer  |x 1080-353X  |w (OCoLC)31760768 
856 4 0 |z Full text available from Research Library: 06/01/1998 to present  |u https://search.proquest.com/publication/34360